Pagbasa at pagsulat sa iba't ibang disiplina: (Record no. 1430)

MARC details
000 -LEADER
fixed length control field 00863nam a22002177a 4500
005 - DATE AND TIME OF LATEST TRANSACTION
control field 20230227032233.0
008 - FIXED-LENGTH DATA ELEMENTS--GENERAL INFORMATION
fixed length control field 230227b |||||||| |||| 00| 0 eng d
020 ## - INTERNATIONAL STANDARD BOOK NUMBER
International Standard Book Number 971-574-084-7
082 ## - DEWEY DECIMAL CLASSIFICATION NUMBER
Classification number Fil. 499.2110711 Sa255 2004
100 ## - MAIN ENTRY--PERSONAL NAME
Personal name Sauco, Consolacion P.
Relator term author
245 ## - TITLE STATEMENT
Title Pagbasa at pagsulat sa iba't ibang disiplina:
Remainder of title para sa antas tersyaryo /
Statement of responsibility, etc. Consolacion P. Sauco, Nenita P. Papa, Eunice F. Dueñas
260 ## - PUBLICATION, DISTRIBUTION, ETC.
Place of publication, distribution, etc. Makati City, PH:
Name of publisher, distributor, etc. Katha Publishing,
Date of publication, distribution, etc. c2004
300 ## - PHYSICAL DESCRIPTION
Extent x, 192p.
504 ## - BIBLIOGRAPHY, ETC. NOTE
Bibliography, etc. note Includes bibliographical references
541 ## - IMMEDIATE SOURCE OF ACQUISITION NOTE
Accession number 2253 c.1, 2254 c.2, 2255 c.3, 2256 c.4, 2257 c.5, 2258 c.6, 2259 c.7, 2260 c.8, 4080 c.9
650 ## - SUBJECT ADDED ENTRY--TOPICAL TERM
Topical term or geographic name entry element Filipino language - Study and teaching (Higher)
650 ## - SUBJECT ADDED ENTRY--TOPICAL TERM
Topical term or geographic name entry element Reading (Higher Education)
650 ## - SUBJECT ADDED ENTRY--TOPICAL TERM
Topical term or geographic name entry element Report writing
700 ## - ADDED ENTRY--PERSONAL NAME
Personal name Papa, Nenita P.
Relator term author
700 ## - ADDED ENTRY--PERSONAL NAME
Personal name Dueñas, Eunice F.
Relator term author
Holdings
Withdrawn status Lost status Source of classification or shelving scheme Damaged status Not for loan Home library Current library Date acquired Total Checkouts Full call number Barcode Date last seen Copy number Price effective from Koha item type
    Dewey Decimal Classification     ctu-moalboal ctu-moalboal 01/17/2012   Fil. 499.2110711 Sa255 2004 2253 02/27/2023 1 02/27/2023 Books-Filipiniana
    Dewey Decimal Classification     ctu-moalboal ctu-moalboal 01/17/2012   Fil. 499.2110711 Sa255 2004 2254 02/27/2023 2 02/27/2023 Books-Filipiniana
    Dewey Decimal Classification     ctu-moalboal ctu-moalboal 01/17/2012   Fil. 499.2110711 Sa255 2004 2255 02/27/2023 3 02/27/2023 Books-Filipiniana
    Dewey Decimal Classification     ctu-moalboal ctu-moalboal 01/17/2012   Fil. 499.2110711 Sa255 2004 2256 02/27/2023 4 02/27/2023 Books-Filipiniana
    Dewey Decimal Classification     ctu-moalboal ctu-moalboal 01/17/2012   Fil. 499.2110711 Sa255 2004 2257 02/27/2023 5 02/27/2023 Books-Filipiniana
    Dewey Decimal Classification     ctu-moalboal ctu-moalboal 01/17/2012   Fil. 499.2110711 Sa255 2004 2258 02/27/2023 6 02/27/2023 Books-Filipiniana
    Dewey Decimal Classification     ctu-moalboal ctu-moalboal 01/17/2012   Fil. 499.2110711 Sa255 2004 2259 02/27/2023 7 02/27/2023 Books-Filipiniana
    Dewey Decimal Classification     ctu-moalboal ctu-moalboal 01/17/2012   Fil. 499.2110711 Sa255 2004 2260 02/27/2023 8 02/27/2023 Books-Filipiniana
    Dewey Decimal Classification     ctu-moalboal ctu-moalboal 03/02/2015   Fil. 499.2110711 Sa255 2004 4080 02/27/2023 9 02/27/2023 Books-Filipiniana